00418nam a2200133Ia 4500001000900000003000500009008004100014010001100055040000900066110003800075245010200113260005900215300001000274dia_6816CHAP220117s1969 xx 000 0 und d a178908 cCHAP aInstituto Colombiano Agropecuario aProgramación de actividades : objetivos y justificación /c dirección Jorge E. Quintero P. aMéxico :b Instituto Colombiano Agropecuario,c1969 a39 p.